| 000 | 00652nam a2200181 4500 | ||
|---|---|---|---|
| 999 |
_c17738 _d17738 |
||
| 008 | 221213b ||||| |||| 00| 0 eng d | ||
| 020 | _a9781260597677 | ||
| 082 |
_22022 _aDC 150 _bF328 |
||
| 100 |
_aFeist, Gregory J. _947088 |
||
| 245 |
_aPsychology: _bperspectives and connections / _cGregory J. Feist and Erika L. Rosenberg. |
||
| 250 | _a5th edition. | ||
| 260 |
_aNew York : _bMcgraw Hill, _c©2022. |
||
| 300 |
_axxviii, 660 pages : _bcolor illustrations ; _c27 cm. |
||
| 500 | _aIncludes glossary, bibliographical references and index. | ||
| 650 |
_aPsychology. _947089 |
||
| 700 |
_aRosenberg, Erika L. _eauthor. _947090 |
||
| 942 |
_2ddc _cDC |
||